| 000 | 00806nam a22002657a 4500 | ||
|---|---|---|---|
| 005 | 20230512222459.0 | ||
| 008 | 181025t xxu||||| |||| 00| 0 eng d | ||
| 020 | _a0717285375 | ||
| 040 | _cCSPC | ||
| 082 | 0 |
_a032.02 _bB764g |
|
| 100 |
_aBridget _eauthor. |
||
| 245 | 0 | 0 |
_aThe grolier book of 1001 _bquestions and answers/ _cBridget |
| 260 |
_aN/A _bGrisewood and Dempsey Ltd., _c1991. |
||
| 300 |
_a176 pages: _bimages; _c28 cm. |
||
| 336 |
_2rdacontent _atext |
||
| 337 |
_2rdamedia _aunmediated |
||
| 338 |
_2rdacarrier _avolume |
||
| 500 | _aIncludes Index. | ||
| 650 | 1 | 0 |
_aCuriosities and wonders _xJuvenile literature. |
| 700 | 1 |
_aArdley, Neil _eauthor. |
|
| 940 | _aLenie | ||
| 942 |
_cBOOK _jGR 032.02 B764g 1991 |
||
| 999 |
_c6415 _d6415 |
||